Macleod's clinical examination /
Kaydedildi:
| Diğer Yazarlar: | , , |
|---|---|
| Materyal Türü: | Kitap |
| Dil: | English |
| Baskı/Yayın Bilgisi: |
CHURCHILI LIVINGSTONE ELSEVIER ,
c2013.
|
| Edisyon: | Thirteenth edition. |
| Konular: | |
| Online Erişim: | Visit NHRC Library |
| Etiketler: |
Etiketle
Etiket eklenmemiş, İlk siz ekleyin!
|
| LEADER | 01946cam a2200529 i 4500 | ||
|---|---|---|---|
| 001 | 10615027 | ||
| 005 | 20220906184647.0 | ||
| 008 | 121204s2013 stka 001 0 eng | ||
| 010 | |a 2012048575 | ||
| 016 | 7 | |a 101597125 |2 DNLM | |
| 016 | 7 | |a 016275086 |2 Uk | |
| 020 | |a 9780702047282 | ||
| 020 | |a 0702047287 | ||
| 020 | |a 9780702047299 (international ed.) | ||
| 020 | |a 0702047295 (international ed.) | ||
| 029 | 1 | |a NLM |b 101597125 | |
| 029 | 1 | |a AU@ |b 000050284603 | |
| 029 | 1 | |a NZ1 |b 14896489 | |
| 035 | |a (OCoLC)ocn821067736 | ||
| 035 | |a (OCoLC)821067736 |z (OCoLC)828883784 | ||
| 035 | |a (NNC)10615027 | ||
| 042 | |a pcc | ||
| 050 | 4 | |a RC76 |b .M215 2013 | |
| 060 | 0 | 0 | |a 2013 H-227 |
| 060 | 1 | 0 | |a WB 200 |
| 082 | 0 | 0 | |a 616.07/54 |2 23 |
| 245 | 0 | 0 | |a Macleod's clinical examination / |c edited by Graham Douglas, Fiona Nicol, Colin Robertson ; illustrations by Robert Britton, Ethan Danielson. |
| 246 | 1 | |a Clinical examination | |
| 250 | |a Thirteenth edition. | ||
| 260 | |b CHURCHILI LIVINGSTONE ELSEVIER , |c c2013. | ||
| 300 | |a xvii, 451 pages : |b illustrations (some color) ; |c 27 cm. | ||
| 500 | |a Original edition: Clinical examination / editor, John Macleod. 1964. | ||
| 500 | |a Includes index. | ||
| 504 | |a Includes bibliographical references and index. | ||
| 650 | 0 | |a Physical diagnosis. |9 3247 | |
| 650 | 0 | |a Medical history taking. |9 3248 | |
| 650 | 1 | 2 | |a Physical Examination. |9 3249 |
| 650 | 6 | |a Diagnostics cliniques. |9 3250 | |
| 650 | 6 | |a Anamnèse. |9 3251 | |
| 700 | 1 | |a Douglas, Graham |c (Consultant physician), |e editor. |9 3252 | |
| 700 | 1 | |a Nicol, E. Fiona, |e editor. |9 3253 | |
| 700 | 1 | |a Robertson, Colin |q (Colin Ernest), |e editor. |9 3254 | |
| 856 | |u http://nhrc.org.np/contact |y Visit NHRC Library | ||
| 900 | |a AUTH | ||
| 942 | |2 NLM |c BK | ||
| 952 | |0 0 |1 0 |2 NLM |4 0 |6 WB_200_000000000000000_DOU_2013 |7 0 |9 2285 |a NHRC |b NHRC |c CART |d 2015-09-28 |l 0 |o WB 200/DOU/2013 |p 001920 |r 2015-09-28 |w 2015-09-28 |y BK | ||
| 999 | |c 2201 |d 2201 | ||